Migracje elit rycerskich i szlacheckich w średniowieczu w Polsce i krajach ościennych /

Další autoři: Sperka, Jerzy, 1962-, Szybkowski, Sobiesław, 1970-, Kongres Mediewistów Polskich
Jazyk: Polština
Ukrajinština
Vydáno: Wrocław : Chronicon, 2024
Témata:
Fyzický popis: 195 stran ; 23 cm
Language note: Částečně ukrajinský text
Knihy
Uloženo v:
LEADER 02565nam a2200613 i 4500
001 001942715
003 CZ BrMZK
005 20250922131431.0
007 ta
008 250728s2024 pl f 100 0 pol
020 |a 9788396881168 
040 |a BOA001  |b cze  |e rda 
041 0 |a pol  |a ukr 
043 |a e-pl---  |a ec----- 
045 |a p-t- 
072 7 |a 94(430/439)  |x Dějiny zemí střední Evropy  |2 Konspekt  |9 8 
080 |a 929.7  |2 MRF 
080 |a 314.15  |2 MRF 
080 |a 94(438)  |2 MRF 
080 |a 94(4-191.2)  |2 MRF 
080 |a (438)  |2 MRF 
080 |a (4-191.2)  |2 MRF 
080 |a (062.534)  |2 MRF 
245 0 0 |a Migracje elit rycerskich i szlacheckich w średniowieczu w Polsce i krajach ościennych /  |c pod redakcją Jerzego Sperki i Sobiesława Szybkowskiego 
264 1 |a Wrocław :  |b Chronicon,  |c 2024 
300 |a 195 stran ;  |c 23 cm 
336 |a text  |b txt  |2 rdacontent 
337 |a bez média  |b n  |2 rdamedia 
338 |a svazek  |b nc  |2 rdacarrier 
500 |a "VII Kongres Mediewistów Polskich, Tom III"--Preliminária 
504 |a Obsahuje bibliografické odkazy 
546 |a Částečně ukrajinský text 
648 7 |a 12.-16. století  |7 ch757068 
650 0 7 |a šlechta  |7 ph116832  |z Polsko  |y 12.-16. století  |2 czenas 
650 0 7 |a šlechta  |7 ph116832  |z Evropa střední  |y 12.-16. století  |2 czenas 
650 0 7 |a migrace obyvatelstva  |7 ph115298  |z Polsko  |y 12.-16. století  |2 czenas 
650 0 7 |a migrace obyvatelstva  |7 ph115298  |z Evropa střední  |y 12.-16. století  |2 czenas 
650 0 9 |a nobility  |z Poland  |y 12th-16th centuries  |2 eczenas 
650 0 9 |a nobility  |z Europe, Central  |y 12th-16th centuries  |2 eczenas 
650 0 9 |a migration  |z Poland  |y 12th-16th centuries  |2 eczenas 
650 0 9 |a migration  |z Europe, Central  |y 12th-16th centuries  |2 eczenas 
651 7 |a Polsko  |7 ge130478  |x dějiny  |y 12.-16. století  |2 czenas 
651 7 |a Evropa střední  |7 ge137882  |x dějiny  |y 12.-16. století  |2 czenas 
651 9 |a Poland  |x history  |y 12th-16th centuries  |2 eczenas 
651 9 |a Europe, Central  |x history  |y 12th-16th centuries  |2 eczenas 
655 7 |a sborníky konferencí  |7 fd133333  |2 czenas 
655 9 |a proceedings of conferences  |2 eczenas 
700 1 |a Sperka, Jerzy,  |d 1962-  |7 js2012688942  |4 edt 
700 1 |a Szybkowski, Sobiesław,  |d 1970-  |7 mzk20251273958  |4 edt 
711 2 |a Kongres Mediewistów Polskich  |n (7. :  |d 2022 :  |c Katovice, Polsko)  |7 ko20251272149  |4 aut 
910 |a BOA001  |b 2-1547.383 
990 |a BK 
991 |b 202509  |c NOV 
996 7 |b 2611009874  |c 2-1547.383  |l MZK  |r Sklad / do 1 hodiny  |n 0  |p výměna  |w 002013244  |u 000010  |a 1  |e BOA001  |j MZK50  |s A